LEADER 01415nam a2200313 a 4500 001 000000124396 003 CaOOAMICUS 005 20110218103659.0 008 110218s2010 it u000 u ita r 020 $a978-88-382-4122-2 040 $aPUL$bita 082 04$a230.092 100 1 $aBottone, Angelo.$0(OLS)http://pul/name/70150 245 10$aJohn Henry Newman e l'abito mentale filosofico :$bretorica e persona negli Scritti Dublinesi /$cAngelo Bottone. 260 $aRoma :$bStudium,$c©2010. 300 $a201 p. ;$c21 cm 490 1 $aDialettica ;$v38 500 $aSulla coperta: Prefazione di Mons. Bruno Forte. 600 04$aIohannes Henricus Newman,$cs.,$d1801-1890$xScritti filosofici.$0(OLS)http://pul/subject/37449 700 1 $aForte, Bruno,$carciv. di Chieti-Vasto,$d1949-$0(OLS)http://pul/name/11848 830 0$aDialettica ;$v38.$0(OLS)http://pul/title/3052 850 $aPUL 852 $aPUL$W1$xSL Religione 3$y85$m230. 092 BOTAN 1$j143196$qDDC 21$B142230$CPULBib$Z2$F142230 $H115370 $82 941 1 $a9 996 $6020$a978-88-382-4122-2$9(OLS)http://pul/number/146410 996 $6082$a230.092$9(OLS)http://pul/classification/553 996 $6245$aJohn Henry Newman e l'abito mentale filosofico :$bretorica e persona negli Scritti Dublinesi$9(OLS)http://pul/title/156804 996 $6260$aRoma :$bStudium$9(OLS)http://pul/publisher/47892 LEADER 01179nam a2200277 u 4500 001 000000061741 003 CaOOAMICUS 005 20070226121046.0 008 010912s1959 fr u000 u fre u 035 $a10902549 040 $aPUL(R)$bita 100 1 $aCottier, Georges,$cO.P.,$d1922-$0(OLS)http://pul/name/185 245 12$aL'athéisme du jeune Marx :$bses origines hégéliennes /$cpar Georges M.-M. Cottier. 260 $aParis :$bLibrairie Philosophique J. Vrin,$c1959. 300 $a384 p. ;$c26 cm 490 1 $aProblèmes et controverses 500 $aInclude indici. 504 $aBibliografia in nota. 600 14$aMarx, Karl,$d1818-1883$xFilosofia.$0(OLS)http://pul/subject/9745 830 0$aProblèmes et controverses.$0(OLS)http://pul/title/5250 850 $aPUL 852 $aPUL$W1$xDP1 Cons. Gen., Altre Classi 1$y22$m45 C 25$j80381$nBK-PRI$b $qStampati$B80381$CPULBib$Z2$F80381 $H $81 941 1 $a8 961 $aINV: 40097 996 $6245$aL'athéisme du jeune Marx :$bses origines hégéliennes$9(OLS)http://pul/title/82419 996 $6260$aParis :$bLibrairie Philosophique J. Vrin$9(OLS)http://pul/publisher/49881